Vers la libération au-dela de l'homme unidimensionnel

Sparad:
Bibliografiska uppgifter
Huvudupphovsman: Marcuse, Herbert (autor)
Materialtyp: Bok
Språk:franska
Publicerad: París De Minuit 1969
Serie:Arguments, 37
Ämnen:
Taggar: Lägg till en tagg
Inga taggar, Lägg till första taggen!

MARC

LEADER 00000nam a2200000 a 4500
001 UCZ3992
003 CL-VaPUC
008 951027e19690000FR |||||||||||||||||fre|d
082 0 4 |a 320.531  |b MAR  |2 21 
100 |a Marcuse, Herbert  |e autor  |9 329251 
245 1 0 |a Vers la libération au-dela de l'homme unidimensionnel 
300 |a 120 p 
942 |c BK 
945 |d 19951027 00:00:00  |a lriquelm 
260 |a París  |b De Minuit  |c 1969 
650 0 |a Socialismo  |9 255260 
650 0 |a Doctrinas políticas  |9 255835 
650 0 |a Ideologías  |9 255200 
650 0 |a Ciencias Políticas  |9 255201 
583 |a last modification  |c 19951027 00:00:00  |k Rodrigo Vera 
490 0 |a Arguments, 37 
999 |c 240431  |d 240429 
952 |0 0  |1 0  |4 0  |6 320_531000000000000_MAR_1969  |7 0  |8 P  |9 252295  |a BIBEDU  |b BIBEDU  |c BIBEDU_PB  |d 2019-11-18  |i 1593471  |o 320.531 MAR 1969  |p 1593471  |r 2024-01-25  |w 2019-11-18  |y BK  |k FIL